Statistics for Countries - First and Last letter quiz - 2

Click here to take the quiz!

General Stats

  • This quiz has been taken 49 times
    (18 since last reset)
  • The average score is 15 of 24

Answer Stats

HintCountry% Correct
HyHungary
100%
DkDenmark
100%
ZaZambia
100%
FiFiji
88%
LsLaos
88%
KnKazakhstan
81%
IdIreland
75%
IdIceland
75%
NuNauru
75%
TyTurkey
69%
BsBelarus
63%
BsBarbados
63%
UnUzbekistan
56%
BsBahamas
56%
CsComoros
56%
PlPortugal
50%
KnKyrgyzstan
50%
ErEcuador
50%
SlSenegal
44%
MiMali
44%
MiMalawi
44%
ErEl Salvador
25%
GuGuinea Bissau
25%
CsCyprus
19%

Score Distribution

Percentile by Number Answered

Percent of People with Each Score

Your Score History

You have not taken this quiz since the last reset